[Event "ODJM B 2025"]
[Site "Willingen GER"]
[Date "2025.06.11"]
[Round "5"]
[White "Hildebrand, Azat"]
[Black "Hesse, Frederik"]
[Result "0-1"]
[Termination "normal"]
[Board "52"]
[WhiteElo "1602"]
[BlackElo "1663"]
[WhiteClock "00:03:19"]
[BlackClock "00:30:53"]
[PlyCount "120"]
[WhiteFideId "34607536"]
[BlackFideId "34600094"]
[EventCountry "GER"]
[EventRounds "9"]
[EventType "swiss"]
[EventDate "2025.06.07"]

1. d4 {[%clk 01:30:55]} {[%emt 00:00:05]} Nf6 {[%clk 01:30:51]} {[%emt
00:00:09]} 2. c4 {[%clk 01:31:18]} {[%emt 00:00:07]} e6 {[%clk 01:31:13]}
{[%emt 00:00:08]} 3. Nf3 {[%clk 01:31:32]} {[%emt 00:00:16]} d5 {[%clk
01:31:32]} {[%emt 00:00:11]} 4. g3 {[%clk 01:31:50]} {[%emt 00:00:12]} Nc6
{[%clk 01:31:05]} {[%emt 00:00:57]} 5. Bg2 {[%clk 01:32:01]} {[%emt 00:00:19]}
Bb4+ {[%clk 01:29:18]} {[%emt 00:02:17]} 6. Bd2 {[%clk 01:31:27]} {[%emt
00:01:05]} Bxd2+ {[%clk 01:29:33]} {[%emt 00:00:15]} 7. Nbxd2 {[%clk 01:31:43]}
{[%emt 00:00:14]} O-O {[%emt 00:00:32]} 8. O-O {[%clk 01:31:50]} Re8 {[%clk
01:29:57]} {[%emt 00:00:26]} 9. Qc2 {[%clk 01:31:25]} {[%emt 00:00:55]} dxc4
{[%clk 01:29:37]} {[%emt 00:00:50]} 10. Qxc4 {[%clk 01:30:39]} {[%emt
00:01:15]} h6 {[%clk 01:29:21]} {[%emt 00:00:46]} 11. Rfd1 {[%clk 01:29:07]}
{[%emt 00:02:03]} Qd5 {[%clk 01:27:19]} {[%emt 00:02:32]} 12. Qc3 {[%clk
01:25:06]} {[%emt 00:04:30]} Qb5 {[%clk 01:24:45]} {[%emt 00:03:05]} 13. e3
{[%clk 01:20:24]} {[%emt 00:05:13]} Nd5 {[%clk 01:22:09]} {[%emt 00:03:05]} 14.
Qc2 {[%clk 01:17:54]} {[%emt 00:03:00]} a5 {[%clk 01:18:41]} {[%emt 00:03:58]}
15. Bf1 {[%clk 01:17:51]} {[%emt 00:00:34]} Qb4 {[%clk 01:15:31]} {[%emt
00:03:39]} 16. a3 {[%clk 01:16:59]} {[%emt 00:01:22]} Qe7 {[%clk 01:14:54]}
{[%emt 00:01:06]} 17. Nc4 {[%clk 01:13:37]} {[%emt 00:03:53]} Nf6 {[%clk
00:59:52]} {[%emt 00:15:32]} 18. Nfe5 {[%clk 01:12:18]} {[%emt 00:01:49]} Nxe5
{[%clk 00:59:26]} {[%emt 00:00:56]} 19. Nxe5 {[%clk 01:11:55]} {[%emt
00:00:52]} h5 {[%clk 00:56:10]} {[%emt 00:03:47]} 20. Rac1 {[%clk 01:09:12]}
{[%emt 00:03:14]} c6 {[%clk 00:54:40]} {[%emt 00:02:00]} 21. h3 {[%clk
01:08:01]} {[%emt 00:01:39]} Nd7 {[%clk 00:53:43]} {[%emt 00:01:28]} 22. Bg2
{[%clk 01:06:35]} {[%emt 00:01:56]} Nxe5 {[%clk 00:52:38]} {[%emt 00:01:35]}
23. dxe5 {[%clk 01:06:58]} {[%emt 00:00:08]} Qg5 {[%clk 00:52:32]} {[%emt
00:00:36]} 24. Qe4 {[%clk 01:03:44]} {[%emt 00:03:43]} Rd8 {[%clk 00:48:45]}
{[%emt 00:04:17]} 25. Kh2 {[%clk 01:02:07]} {[%emt 00:02:07]} Bd7 {[%clk
00:41:37]} {[%emt 00:07:37]} 26. Rd6 {[%clk 01:01:39]} {[%emt 00:00:59]} Be8
{[%clk 00:41:01]} {[%emt 00:01:06]} 27. f4 {[%clk 00:57:57]} {[%emt 00:04:12]}
Qe7 {[%clk 00:40:25]} {[%emt 00:01:05]} 28. Rcd1 {[%clk 00:57:56]} {[%emt
00:00:32]} Rd7 {[%clk 00:38:53]} {[%emt 00:02:02]} 29. Rxd7 {[%clk 00:56:38]}
{[%emt 00:01:49]} Bxd7 {[%clk 00:38:36]} {[%emt 00:00:47]} 30. Rd6 {[%clk
00:55:28]} {[%emt 00:01:39]} Be8 {[%clk 00:37:14]} {[%emt 00:01:52]} 31. h4
{[%clk 00:55:01]} {[%emt 00:00:57]} f6 {[%clk 00:37:08]} {[%emt 00:00:36]} 32.
Bh3 {[%clk 00:54:24]} {[%emt 00:01:06]} f5 {[%clk 00:37:02]} {[%emt 00:00:37]}
33. Qd4 {[%clk 00:52:30]} {[%emt 00:02:25]} b5 {[%clk 00:36:33]} {[%emt
00:00:59]} 34. b3 {[%clk 00:48:22]} {[%emt 00:04:38]} Rc8 {[%clk 00:35:47]}
{[%emt 00:01:16]} 35. Qb6 {[%clk 00:45:46]} {[%emt 00:03:05]} a4 {[%clk
00:34:35]} {[%emt 00:01:41]} 36. b4 {[%clk 00:45:19]} {[%emt 00:00:58]} Kf7
{[%clk 00:33:59]} {[%emt 00:01:06]} 37. Bg2 {[%clk 00:42:11]} {[%emt 00:03:37]}
Qc7 {[%clk 00:34:16]} {[%emt 00:00:13]} 38. Qxc7+ {[%clk 00:40:32]} {[%emt
00:02:09]} Rxc7 {[%clk 00:34:39]} {[%emt 00:00:07]} 39. Bf3 {[%clk 00:39:15]}
{[%emt 00:01:47]} g6 {[%clk 00:34:35]} {[%emt 00:00:34]} 40. Kg2 {[%clk
00:39:17]} {[%emt 00:00:29]} c5 {[%clk 00:34:55]} {[%emt 00:00:10]} 41. bxc5
{[%clk 00:38:25]} {[%emt 00:01:22]} Rxc5 {[%clk 00:34:35]} {[%emt 00:00:50]}
42. Rd3 {[%clk 00:36:38]} {[%emt 00:02:16]} Rc4 {[%clk 00:34:30]} {[%emt
00:00:36]} 43. Kf2 {[%clk 00:33:50]} {[%emt 00:03:18]} b4 {[%clk 00:34:42]}
{[%emt 00:00:18]} 44. axb4 {[%clk 00:34:00]} {[%emt 00:00:21]} Rxb4 {[%clk
00:35:05]} {[%emt 00:00:07]} 45. Ke1 {[%clk 00:33:22]} {[%emt 00:01:07]} Rb1+
{[%clk 00:34:05]} {[%emt 00:01:29]} 46. Rd1 {[%clk 00:32:55]} {[%emt 00:00:57]}
Rb2 {[%clk 00:34:26]} {[%emt 00:00:09]} 47. Ra1 {[%clk 00:31:12]} {[%emt
00:02:14]} Bb5 {[%clk 00:34:24]} {[%emt 00:00:31]} 48. Ra3 {[%clk 00:26:35]}
{[%emt 00:05:08]} Ke7 {[%clk 00:33:59]} {[%emt 00:00:55]} 49. Kd1 {[%clk
00:21:34]} {[%emt 00:05:31]} Rf2 {[%clk 00:33:29]} {[%emt 00:01:00]} 50. e4
{[%clk 00:21:29]} {[%emt 00:00:36]} Bc4 {[%clk 00:32:16]} {[%emt 00:01:42]} 51.
Rc3 {[%clk 00:17:59]} {[%emt 00:03:59]} Bb3+ {[%clk 00:31:57]} {[%emt
00:00:50]} 52. Ke1 {[%clk 00:17:22]} {[%emt 00:01:07]} Rb2 {[%clk 00:32:19]}
{[%emt 00:00:08]} 53. exf5 {[%clk 00:14:53]} {[%emt 00:02:59]} exf5 {[%clk
00:31:50]} {[%emt 00:00:59]} 54. Bd1 {[%clk 00:10:08]} {[%emt 00:05:15]} Rb1
{[%clk 00:32:11]} {[%emt 00:00:10]} 55. Rd3 {[%clk 00:10:22]} {[%emt 00:00:15]}
Ra1 {[%clk 00:29:17]} {[%emt 00:03:24]} 56. Rxb3 {[%clk 00:02:34]} {[%emt
00:08:18]} axb3 {[%clk 00:29:37]} {[%emt 00:00:10]} 57. Kd2 {[%clk 00:02:50]}
{[%emt 00:00:14]} b2 {[%clk 00:29:46]} {[%emt 00:00:21]} 58. Bc2 {[%clk
00:02:36]} {[%emt 00:00:44]} b1=Q {[%clk 00:30:05]} {[%emt 00:00:11]} 59. Bxb1
{[%clk 00:02:56]} {[%emt 00:00:10]} Rxb1 {[%clk 00:30:31]} {[%emt 00:00:05]}
60. Kc2 {[%clk 00:03:19]} {[%emt 00:00:06]} Rg1 {[%clk 00:30:53]} {[%emt
00:00:07]} 0-1

[Event "ODJM B 2025"]
[Site "Willingen GER"]
[Date "2025.06.11"]
[Round "5"]
[White "Peglau, Lorena"]
[Black "Hladeniuk, Yelyzaveta"]
[Result "0-1"]
[Termination "normal"]
[Board "53"]
[WhiteElo "1464"]
[BlackElo "1642"]
[WhiteClock "01:25:14"]
[BlackClock "00:29:53"]
[PlyCount "138"]
[WhiteFideId "16290542"]
[BlackFideId "34176128"]
[EventCountry "GER"]
[EventRounds "9"]
[EventType "swiss"]
[EventDate "2025.06.07"]

1. d4 {[%clk 01:30:57]} {[%emt 00:00:02]} Nf6 {[%clk 01:30:56]} {[%emt
00:00:05]} 2. c4 {[%clk 01:31:22]} {[%emt 00:00:05]} e6 {[%clk 01:31:22]}
{[%emt 00:00:04]} 3. Nf3 {[%clk 01:31:43]} {[%emt 00:00:09]} d5 {[%clk
01:30:15]} {[%emt 00:01:37]} 4. Nc3 {[%clk 01:30:15]} {[%emt 00:01:58]} Bb4
{[%clk 01:29:44]} {[%emt 00:01:01]} 5. Bf4 {[%clk 01:29:00]} {[%emt 00:01:44]}
O-O {[%clk 01:29:21]} {[%emt 00:00:54]} 6. e3 {[%clk 01:28:45]} {[%emt
00:00:45]} b6 {[%clk 01:24:46]} {[%emt 00:05:05]} 7. Be2 {[%clk 01:27:38]}
{[%emt 00:01:36]} dxc4 {[%clk 01:23:37]} {[%emt 00:01:39]} 8. Bxc4 {[%clk
01:27:55]} {[%emt 00:00:13]} Bb7 {[%clk 01:05:22]} {[%emt 00:18:45]} 9. O-O
{[%clk 01:24:58]} {[%emt 00:03:27]} c5 {[%clk 01:00:08]} {[%emt 00:05:46]} 10.
Nb5 {[%clk 01:14:01]} {[%emt 00:11:26]} a6 {[%clk 00:43:40]} {[%emt 00:16:58]}
11. Nd6 {[%clk 01:13:14]} {[%emt 00:01:16]} Bd5 {[%clk 00:37:56]} {[%emt
00:06:10]} 12. a3 {[%clk 01:10:45]} {[%emt 00:03:03]} Ba5 {[%clk 00:32:36]}
{[%emt 00:05:50]} 13. dxc5 {[%clk 01:08:59]} {[%emt 00:02:16]} bxc5 {[%clk
00:32:49]} {[%emt 00:00:18]} 14. Bxd5 {[%clk 01:08:28]} {[%emt 00:01:01]} Nxd5
{[%clk 00:32:32]} {[%emt 00:00:47]} 15. Bg3 {[%clk 01:08:40]} {[%emt 00:00:18]}
Bc7 {[%clk 00:30:16]} {[%emt 00:02:43]} 16. Ne4 {[%clk 01:08:46]} {[%emt
00:00:25]} Nd7 {[%emt 00:04:30]} 17. Qc2 {[%clk 01:06:24]} {[%emt 00:02:50]}
Bb6 {[%clk 00:23:37]} {[%emt 00:03:12]} 18. Bd6 {[%clk 01:04:26]} {[%emt
00:02:28]} Re8 {[%clk 00:22:38]} {[%emt 00:01:29]} 19. Nxc5 {[%clk 01:02:39]}
{[%emt 00:02:17]} Bxc5 {[%clk 00:21:14]} {[%emt 00:01:54]} 20. Bxc5 {[%clk
01:02:57]} {[%emt 00:00:12]} Rc8 {[%clk 00:21:20]} {[%emt 00:00:23]} 21. b4
{[%clk 01:03:03]} {[%emt 00:00:25]} a5 {[%clk 00:19:45]} {[%emt 00:02:05]} 22.
Rab1 {[%clk 01:02:53]} {[%emt 00:00:41]} axb4 {[%clk 00:19:23]} {[%emt
00:00:52]} 23. axb4 {[%clk 01:03:16]} {[%emt 00:00:07]} Nxb4 {[%clk 00:18:58]}
{[%emt 00:00:55]} 24. Rxb4 {[%clk 01:03:16]} {[%emt 00:00:30]} Rxc5 {[%clk
00:19:17]} {[%emt 00:00:11]} 25. Qb3 {[%clk 01:01:15]} {[%emt 00:02:30]} Qc8
{[%clk 00:16:56]} {[%emt 00:02:50]} 26. Qb1 {[%clk 00:59:56]} {[%emt 00:01:50]}
Nf6 {[%clk 00:15:26]} {[%emt 00:02:00]} 27. h3 {[%clk 00:59:37]} {[%emt
00:00:49]} Nd5 {[%clk 00:14:54]} {[%emt 00:01:02]} 28. Rb5 {[%clk 00:57:47]}
{[%emt 00:02:21]} Nc3 {[%clk 00:12:00]} {[%emt 00:03:23]} 29. Rxc5 {[%clk
00:58:00]} {[%emt 00:00:17]} Qxc5 {[%clk 00:12:17]} {[%emt 00:00:14]} 30. Qd3
{[%clk 00:57:59]} {[%emt 00:00:30]} Nd5 {[%clk 00:11:47]} {[%emt 00:01:01]} 31.
Rd1 {[%clk 00:57:26]} {[%emt 00:01:03]} h6 {[%clk 00:11:32]} {[%emt 00:00:45]}
32. Qd4 {[%clk 00:57:06]} {[%emt 00:00:49]} Qc7 {[%clk 00:10:45]} {[%emt
00:01:17]} 33. Qe5 {[%clk 00:56:49]} {[%emt 00:00:47]} Qc2 {[%clk 00:10:40]}
{[%emt 00:00:35]} 34. Qa1 {[%clk 00:56:03]} {[%emt 00:01:17]} Rb8 {[%clk
00:09:05]} {[%emt 00:02:03]} 35. Nd4 {[%clk 00:55:48]} {[%emt 00:00:46]} Qb2
{[%clk 00:08:16]} {[%emt 00:01:18]} 36. Rc1 {[%clk 00:54:19]} {[%emt 00:02:00]}
Qd2 {[%clk 00:07:24]} {[%emt 00:01:20]} 37. Rd1 {[%clk 00:54:37]} {[%emt
00:00:13]} Qb2 {[%clk 00:07:20]} {[%emt 00:00:35]} 38. Rc1 {[%clk 00:54:55]}
{[%emt 00:00:11]} Qb7 {[%clk 00:06:39]} {[%emt 00:01:00]} 39. Qa2 {[%clk
00:53:23]} {[%emt 00:02:14]} Qb6 {[%clk 00:03:05]} {[%emt 00:04:04]} 40. Qc4
{[%clk 00:52:03]} {[%emt 00:01:50]} Qb2 {[%clk 00:01:34]} {[%emt 00:01:55]} 41.
Qc2 {[%clk 00:51:14]} {[%emt 00:01:26]} Qxc2 {[%clk 00:28:52]} {[%emt
00:03:12]} 42. Nxc2 {[%clk 01:19:18]} {[%emt 00:02:26]} Rc8 {[%clk 00:28:56]}
{[%emt 00:00:26]} 43. Kf1 {[%clk 01:18:43]} {[%emt 00:01:07]} Nb4 {[%clk
00:28:50]} {[%emt 00:00:33]} 44. Ke2 {[%clk 01:18:44]} {[%emt 00:00:29]} Rxc2+
{[%clk 00:29:03]} {[%emt 00:00:17]} 45. Rxc2 {[%clk 01:19:07]} {[%emt
00:00:07]} Nxc2 {[%clk 00:29:27]} {[%emt 00:00:07]} 46. Kd2 {[%clk 01:19:22]}
{[%emt 00:00:14]} Nb4 {[%clk 00:29:45]} {[%emt 00:00:12]} 47. Kc3 {[%clk
01:19:26]} {[%emt 00:00:26]} Nd5+ {[%clk 00:29:58]} {[%emt 00:00:18]} 48. Kd4
{[%clk 01:19:50]} {[%emt 00:00:06]} f6 {[%clk 00:28:32]} {[%emt 00:01:55]} 49.
f3 {[%clk 01:20:11]} {[%emt 00:00:09]} Kf7 {[%clk 00:28:34]} {[%emt 00:00:29]}
50. g3 {[%clk 01:20:34]} {[%emt 00:00:06]} g5 {[%clk 00:27:54]} {[%emt
00:01:10]} 51. e4 {[%clk 01:20:31]} {[%emt 00:00:33]} Ne7 {[%clk 00:27:52]}
{[%emt 00:00:32]} 52. Ke3 {[%clk 01:20:36]} {[%emt 00:00:24]} f5 {[%clk
00:26:23]} {[%emt 00:02:00]} 53. exf5 {[%clk 01:20:33]} {[%emt 00:00:33]} Nxf5+
{[%clk 00:26:20]} {[%emt 00:00:34]} 54. Kf2 {[%clk 01:20:55]} {[%emt 00:00:07]}
Kf6 {[%clk 00:25:46]} {[%emt 00:01:05]} 55. g4 {[%clk 01:21:16]} {[%emt
00:00:08]} Nd4 {[%clk 00:26:04]} {[%emt 00:00:12]} 56. Ke3 {[%clk 01:21:18]}
{[%emt 00:00:28]} Ke5 {[%clk 00:26:14]} {[%emt 00:00:21]} 57. Kd3 {[%clk
01:21:22]} {[%emt 00:00:26]} Nxf3 {[%clk 00:26:28]} {[%emt 00:00:15]} 58. Ke3
{[%clk 01:21:37]} {[%emt 00:00:15]} Ng1 {[%clk 00:26:49]} {[%emt 00:00:09]} 59.
Kf2 {[%clk 01:21:50]} {[%emt 00:00:18]} Nxh3+ {[%clk 00:27:12]} {[%emt
00:00:06]} 60. Kg3 {[%clk 01:22:16]} {[%emt 00:00:04]} Nf4 {[%clk 00:27:26]}
{[%emt 00:00:16]} 61. Kf3 {[%clk 01:22:35]} {[%emt 00:00:11]} Kd4 {[%clk
00:27:34]} {[%emt 00:00:22]} 62. Kf2 {[%clk 01:22:53]} {[%emt 00:00:11]} e5
{[%clk 00:27:42]} {[%emt 00:00:23]} 63. Kg3 {[%clk 01:23:14]} {[%emt 00:00:09]}
e4 {[%clk 00:27:59]} {[%emt 00:00:13]} 64. Kh2 {[%clk 01:23:35]} {[%emt
00:00:10]} e3 {[%clk 00:28:23]} {[%emt 00:00:06]} 65. Kg1 {[%clk 01:23:54]}
{[%emt 00:00:10]} Kd3 {[%clk 00:28:41]} {[%emt 00:00:12]} 66. Kh2 {[%clk
01:24:09]} {[%emt 00:00:15]} e2 {[%clk 00:28:54]} {[%emt 00:00:18]} 67. Kg3
{[%clk 01:24:27]} {[%emt 00:00:11]} e1=Q {[%clk 00:29:18]} {[%emt 00:00:06]}
68. Kh2 {[%clk 01:24:51]} {[%emt 00:00:05]} Qf2+ {[%clk 00:29:27]} {[%emt
00:00:22]} 69. Kh1 {[%clk 01:25:14]} {[%emt 00:00:07]} Qg2# {[%clk 00:29:53]}
{[%emt 00:00:04]} 0-1

[Event "ODJM B 2025"]
[Site "Willingen GER"]
[Date "2025.06.11"]
[Round "5"]
[White "Rempe, Mieke"]
[Black "Krannich, Eva"]
[Result "1-0"]
[Termination "normal"]
[Board "54"]
[WhiteElo "1779"]
[BlackElo "1509"]
[WhiteClock "00:02:09"]
[BlackClock "00:31:23"]
[PlyCount "89"]
[WhiteFideId "16202384"]
[BlackFideId "34639713"]
[EventCountry "GER"]
[EventRounds "9"]
[EventType "swiss"]
[EventDate "2025.06.07"]

1. e4 {[%clk 01:30:57]} {[%emt 00:00:02]} c5 {[%clk 01:30:55]} {[%emt
00:00:06]} 2. Nf3 {[%clk 01:31:23]} {[%emt 00:00:03]} g6 {[%clk 01:31:17]}
{[%emt 00:00:08]} 3. d4 {[%clk 01:31:50]} {[%emt 00:00:03]} cxd4 {[%clk
01:31:41]} {[%emt 00:00:06]} 4. Nxd4 {[%clk 01:32:16]} {[%emt 00:00:05]} Nf6
{[%clk 01:31:50]} {[%emt 00:00:20]} 5. Nc3 {[%clk 01:32:40]} {[%emt 00:00:06]}
d6 {[%clk 01:32:12]} {[%emt 00:00:08]} 6. f3 {[%clk 01:32:41]} {[%emt
00:00:30]} Bg7 {[%clk 01:32:05]} {[%emt 00:00:36]} 7. Be3 {[%clk 01:33:05]}
{[%emt 00:00:06]} Nc6 {[%clk 01:31:42]} {[%emt 00:00:54]} 8. Bc4 {[%clk
01:30:55]} {[%emt 00:02:40]} Qb6 {[%clk 01:17:48]} {[%emt 00:14:24]} 9. Bb3
{[%clk 01:07:17]} {[%emt 00:24:08]} Qd8 {[%clk 01:02:03]} {[%emt 00:16:15]} 10.
Qd2 {[%clk 01:04:53]} {[%emt 00:02:54]} h5 {[%clk 01:02:24]} {[%emt 00:00:09]}
11. O-O-O {[%clk 00:59:10]} {[%emt 00:06:13]} a6 {[%clk 01:00:08]} {[%emt
00:02:46]} 12. Nxc6 {[%clk 00:51:28]} {[%emt 00:08:12]} bxc6 {[%clk 01:00:26]}
{[%emt 00:00:12]} 13. e5 {[%clk 00:51:29]} {[%emt 00:00:28]} Nd5 {[%clk
00:54:09]} {[%emt 00:06:47]} 14. Nxd5 {[%clk 00:45:09]} {[%emt 00:06:50]} cxd5
{[%clk 00:54:28]} {[%emt 00:00:12]} 15. Bxd5 {[%clk 00:44:41]} {[%emt
00:00:58]} Rb8 {[%clk 00:54:41]} {[%emt 00:00:17]} 16. Ba7 {[%clk 00:42:41]}
{[%emt 00:02:30]} Rb5 {[%clk 00:53:21]} {[%emt 00:01:49]} 17. Bc6+ {[%clk
00:41:42]} {[%emt 00:01:29]} Bd7 {[%clk 00:53:40]} {[%emt 00:00:11]} 18. Bxb5
{[%clk 00:41:34]} {[%emt 00:00:38]} Bxb5 {[%clk 00:50:02]} {[%emt 00:04:08]}
19. exd6 {[%clk 00:39:36]} {[%emt 00:02:28]} O-O {[%clk 00:45:59]} {[%emt
00:04:34]} 20. Bc5 {[%clk 00:27:12]} {[%emt 00:12:54]} exd6 {[%clk 00:45:08]}
{[%emt 00:01:21]} 21. Bxd6 {[%clk 00:23:52]} {[%emt 00:03:49]} Re8 {[%clk
00:45:21]} {[%emt 00:00:17]} 22. Rhe1 {[%clk 00:22:57]} {[%emt 00:01:25]} Qb6
{[%clk 00:44:23]} {[%emt 00:01:28]} 23. Rxe8+ {[%clk 00:15:54]} Bxe8 {[%clk
00:44:48]} {[%emt 00:07:38]} 24. Ba3 {[%clk 00:14:38]} {[%emt 00:01:47]} Qe6
{[%clk 00:43:27]} {[%emt 00:01:51]} 25. Qd5 {[%clk 00:08:50]} {[%emt 00:06:17]}
Bh6+ {[%clk 00:40:42]} {[%emt 00:03:15]} 26. Kb1 {[%clk 00:08:58]} {[%emt
00:00:22]} Qe2 {[%clk 00:40:42]} {[%emt 00:00:30]} 27. Bb4 {[%clk 00:06:58]}
{[%emt 00:02:31]} Ba4 {[%clk 00:36:16]} {[%emt 00:04:56]} 28. b3 {[%clk
00:06:08]} {[%emt 00:01:19]} Bb5 {[%clk 00:34:53]} {[%emt 00:01:53]} 29. Re1
{[%clk 00:05:32]} {[%emt 00:01:07]} Qxg2 {[%clk 00:34:56]} {[%emt 00:00:27]}
30. a4 {[%clk 00:05:19]} {[%emt 00:00:43]} Bg7 {[%clk 00:34:09]} {[%emt
00:01:15]} 31. axb5 {[%clk 00:05:19]} {[%emt 00:00:32]} axb5 {[%clk 00:34:35]}
{[%emt 00:00:04]} 32. Re8+ {[%clk 00:05:14]} {[%emt 00:00:34]} Kh7 {[%clk
00:34:43]} {[%emt 00:00:21]} 33. Re1 {[%clk 00:04:57]} {[%emt 00:00:48]} Qf2
{[%clk 00:31:47]} {[%emt 00:03:27]} 34. Qd3 {[%clk 00:03:13]} {[%emt 00:02:13]}
Qa7 {[%clk 00:31:39]} {[%emt 00:00:38]} 35. Bc3 {[%clk 00:03:11]} {[%emt
00:00:33]} Qf2 {[%clk 00:31:05]} {[%emt 00:01:04]} 36. Rd1 {[%clk 00:03:02]}
{[%emt 00:00:38]} Qxh2 {[%clk 00:30:46]} {[%emt 00:00:48]} 37. Bxg7 {[%clk
00:03:29]} {[%emt 00:00:04]} Kxg7 {[%clk 00:31:08]} {[%emt 00:00:08]} 38. Qc3+
{[%clk 00:03:57]} {[%emt 00:00:02]} Kh6 {[%clk 00:31:19]} {[%emt 00:00:20]} 39.
Qh8+ {[%clk 00:04:12]} {[%emt 00:00:14]} Kg5 {[%clk 00:31:36]} {[%emt
00:00:12]} 40. Rd5+ {[%clk 00:04:30]} {[%emt 00:00:13]} f5 {[%clk 00:31:37]}
{[%emt 00:00:29]} 41. Qd8+ {[%clk 00:03:56]} {[%emt 00:01:04]} Kh6 {[%clk
00:30:48]} {[%emt 00:01:19]} 42. Qf6 {[%clk 00:01:22]} {[%emt 00:03:04]} Qh1+
{[%clk 00:31:08]} {[%emt 00:00:10]} 43. Kb2 {[%clk 00:01:33]} {[%emt 00:00:19]}
Qxf3 {[%clk 00:31:33]} {[%emt 00:00:05]} 44. Rd8 {[%clk 00:01:52]} {[%emt
00:00:11]} Qb7 {[%clk 00:31:23]} {[%emt 00:00:40]} 45. Rh8+ {[%clk 00:02:09]}
{[%emt 00:00:13]} 1-0

[Event "ODJM B 2025"]
[Site "Willingen GER"]
[Date "2025.06.11"]
[Round "5"]
[White "Rabus, Johann"]
[Black "Rotärmel, Leonie"]
[Result "0-1"]
[Termination "normal"]
[Board "55"]
[WhiteElo "1579"]
[BlackElo "1699"]
[WhiteClock "00:53:03"]
[BlackClock "00:04:35"]
[PlyCount "70"]
[WhiteFideId "34602950"]
[BlackFideId "16281390"]
[EventCountry "GER"]
[EventRounds "9"]
[EventType "swiss"]
[EventDate "2025.06.07"]

1. e4 {[%clk 01:30:58]} {[%emt 00:00:01]} e6 {[%clk 01:31:00]} {[%emt
00:00:01]} 2. d4 {[%clk 01:31:21]} {[%emt 00:00:06]} d5 {[%clk 01:31:27]}
{[%emt 00:00:03]} 3. e5 {[%clk 01:31:46]} {[%emt 00:00:04]} c5 {[%clk
01:31:55]} {[%emt 00:00:04]} 4. c3 {[%clk 01:32:10]} {[%emt 00:00:05]} Nc6
{[%clk 01:32:22]} {[%emt 00:00:03]} 5. Nf3 {[%clk 01:32:34]} {[%emt 00:00:07]}
Qb6 {[%clk 01:32:20]} {[%emt 00:00:32]} 6. Bd3 {[%clk 01:32:56]} {[%emt
00:00:07]} Bd7 {[%clk 01:32:42]} {[%emt 00:00:09]} 7. dxc5 {[%clk 01:32:50]}
{[%emt 00:00:36]} Bxc5 {[%clk 01:32:54]} {[%emt 00:00:18]} 8. O-O {[%clk
01:33:14]} {[%emt 00:00:05]} Qc7 {[%clk 01:31:55]} {[%emt 00:01:29]} 9. Re1
{[%clk 01:27:59]} {[%emt 00:05:46]} Nge7 {[%clk 01:28:32]} {[%emt 00:03:52]}
10. b4 {[%clk 01:24:06]} {[%emt 00:04:23]} Bb6 {[%clk 01:28:49]} {[%emt
00:00:12]} 11. a4 {[%clk 01:24:31]} {[%emt 00:00:06]} a6 {[%clk 01:24:49]}
{[%emt 00:04:31]} 12. Ba3 {[%clk 01:19:41]} {[%emt 00:05:19]} Ng6 {[%clk
01:21:15]} {[%emt 00:04:03]} 13. Bxg6 {[%clk 01:19:50]} {[%emt 00:00:21]} hxg6
{[%clk 01:21:07]} {[%emt 00:00:40]} 14. Nbd2 {[%clk 01:13:34]} {[%emt
00:06:45]} g5 {[%clk 00:51:10]} {[%emt 00:30:27]} 15. c4 {[%clk 01:03:10]}
{[%emt 00:10:54]} g4 {[%clk 00:24:48]} {[%emt 00:26:51]} 16. cxd5 {[%clk
01:02:48]} {[%emt 00:00:53]} exd5 {[%clk 00:22:46]} {[%emt 00:02:32]} 17. b5
{[%clk 01:02:07]} {[%emt 00:01:12]} axb5 {[%clk 00:14:40]} {[%emt 00:08:35]}
18. axb5 {[%clk 00:58:48]} {[%emt 00:03:49]} Ne7 {[%clk 00:14:54]} {[%emt
00:00:15]} 19. Ng5 {[%clk 00:56:53]} {[%emt 00:02:25]} Rh5 {[%clk 00:13:24]}
{[%emt 00:02:00]} 20. Bd6 {[%clk 00:56:16]} {[%emt 00:01:07]} Rxa1 {[%clk
00:11:49]} {[%emt 00:02:06]} 21. Qxa1 {[%clk 00:56:41]} {[%emt 00:00:05]} Qd8
{[%clk 00:11:57]} {[%emt 00:00:22]} 22. e6 {[%clk 00:56:00]} {[%emt 00:01:11]}
Bxf2+ {[%clk 00:07:17]} {[%emt 00:05:10]} 23. Kxf2 {[%clk 00:52:42]} {[%emt
00:03:48]} Qb6+ {[%clk 00:07:34]} {[%emt 00:00:12]} 24. Kf1 {[%clk 00:53:04]}
{[%emt 00:00:08]} Bxb5+ {[%clk 00:07:57]} {[%emt 00:00:07]} 25. Re2 {[%clk
00:52:29]} {[%emt 00:01:05]} Bxe2+ {[%clk 00:04:44]} {[%emt 00:03:44]} 26. Kxe2
{[%clk 00:52:46]} {[%emt 00:00:12]} Qa6+ {[%clk 00:01:06]} {[%emt 00:04:09]}
27. Qxa6 {[%clk 00:51:41]} {[%emt 00:01:35]} bxa6 {[%clk 00:01:35]} {[%emt
00:00:01]} 28. exf7+ {[%clk 00:51:19]} {[%emt 00:00:52]} Kf8 {[%clk 00:02:02]}
{[%emt 00:00:03]} 29. Ne6+ {[%clk 00:51:26]} {[%emt 00:00:23]} Kxf7 {[%clk
00:02:19]} {[%emt 00:00:13]} 30. Nxg7 {[%clk 00:51:34]} {[%emt 00:00:22]} Kxg7
{[%clk 00:02:35]} {[%emt 00:00:13]} 31. Bxe7 {[%emt 00:00:12]} Re5+ {[%clk
00:03:00]} 32. Kf2 {[%clk 00:52:14]} {[%emt 00:00:13]} Rxe7 {[%clk 00:03:26]}
{[%emt 00:00:04]} 33. Kg3 {[%clk 00:52:37]} {[%emt 00:00:06]} Re2 {[%clk
00:03:50]} {[%emt 00:00:07]} 34. Nb1 {[%clk 00:52:57]} {[%emt 00:00:10]} Rb2
{[%clk 00:04:05]} {[%emt 00:00:14]} 35. Nc3 {[%clk 00:53:03]} {[%emt 00:00:24]}
Rb3 {[%clk 00:04:35]} {[%emt 00:00:02]} 0-1